| 000 | 04245nam a2200325 a 4500 | ||
|---|---|---|---|
| 003 | OSt | ||
| 005 | 20250815112800.0 | ||
| 007 | cr ||||||a|a|a | ||
| 008 | 250806s2025 mx a|||fom||| 001 0 spa d | ||
| 040 | _erda | ||
| 100 | 1 |
_aCruz López, Esteban _9190827 |
|
| 245 | 1 | 0 |
_aValoración genética de árboles progenitores de Cedrela odorata L. a través de la evaluación de sus progenies / _cpor Esteban Cruz López; director de tesis Cob Uicab José Vidal; secretario Xavier García Cuevas; vocal Refugio Ramón Rivera Leyva; suplente Jesús Manuel Cabrera Delgado; suplete Vargas Carballo Rigoberto. |
| 264 | 1 |
_aChapingo, México : _bEl autor, _c2024. |
|
| 300 |
_a1 recurso en línea (63 páginas): _bcuadros, figuras. |
||
| 336 |
_2rdacontent _atexto _btxt |
||
| 337 |
_2rdamedia _acomputadora _bc |
||
| 338 |
_2rdacarrier _arecurso en línea _bcr |
||
| 502 |
_bIF _cDICIFO _d2024. _gLIC |
||
| 504 | _aIncluye referencias bibliográficas: páginas 51-63. | ||
| 520 | _aLa identificación y selección de individuos genéticamente superiores, es el inicio y la base fundamental de un programa de mejoramiento genético forestal. El objetivo del presente estudio fue estimar la calidad genética de 64 árboles progenitores de Cedrela odorata L. a través de la evaluación del crecimiento de sus progenies. Entre los meses de febrero, marzo y abril de 2017, fue recolectado semilla botánica de 80 árboles fenotípicamente superiores de Cedrela odorata L. en la Península de Yucatán. En septiembre de 2018, fue establecido bajo un diseño de bloques completos al azar con 16 repeticiones y una planta por unidad experimental, un ensayo de progenies en el Sitio Experimental “San Felipe Bacalar”, Bacalar, Quintana Roo, conformado por 64 familias de medios hermanos. En mayo de 2022, fueron evaluadas las variables diámetro normal (dn, cm), altura total (at, m) y volumen fustal (vft, m3). A cuatro años de edad, el ensayo de progenies, presentó una supervivencia del 93%, con valores promedio de altura y diámetro normal de 4.9 m y 7.0 cm, respectivamente. Con relación a los porcentajes de supervivencia a nivel de familias, 22 registraron un 100% de supervivencia, de las cuales, 14 familias (11, 15, 16, 17, 19, 20, 21, 23, 24, 30, 31, 32, 34 y 35) corresponden a la procedencia Quintana Roo, seis familias (46, 47, 49, 50, 51 y 54) a la procedencia Campeche y dos familias (73 y 74) a la procedencia Yucatán. El análisis dasométrico demostró que la procedencia Campeche fue la que registró los mejores valores de crecimiento en las tres variables bajo estudio, seguida de las procedencias Quintana Roo y Yucatán. La prueba de rangos múltiples de Duncan (p≤0.05), corroboró que las procedencias Campeche y Quintana Roo fueron las sobresalientes en su desempeño en los crecimientos en altura y diámetro normal y las familias 24 y 25 fueron las sobresalientes en su desempeño en las tres variables de estudio con una marcada diferencia con respecto a los grupos generados. El análisis de correlación confirmó la ausencia de una correspondencia entre las dimensiones de los progenitores y la respuesta de sus descendientes, ya que la correlación existente entre ellas, fue muy baja. La heredabilidad individual y de familias estimada para la variable diámetro normal fue mayor (h2i= 0.39 y h2f = 0.12) con relación al volumen del fuste (h2i= 0.18 y h2f = 0.06) y altura (h2i= 0.10 y h2f = 0.12). La mayor heredabilidad estimada del diámetro normal sugiere que la selección de plantas a los cuatro años de edad basada en el diámetro normal es más eficiente con relación a la selección directa para mejorar el crecimiento en volumen. | ||
| 650 | 4 |
_aCedrela odorata _xCrecimiento _9185891 |
|
| 650 | 4 |
_aCedrela odorata _xMejoramiento genético _9185892 |
|
| 700 | 1 |
_aCob Uicab, José Vidal _edirector. _924153 |
|
| 700 | 1 |
_aGarcía Cuevas, Xavier _esecretario. _945895 |
|
| 700 | 1 |
_aRivera Leyva, Refugio Ramón _evocal. _9190864 |
|
| 700 | 1 |
_aCabrera Delgado, Jesús Manuel _esuplente. _916657 |
|
| 700 | 1 |
_aVargas Carballo, Rigoberto _esuplente. _9117985 |
|
| 856 |
_uhttp://10.13.5.2/tesis/tl/1410503-4_CRUZ_LOPEZ_ESTEBAN.pdf _zDESCARGAR PDF |
||
| 942 |
_2Clasificación Universidad Autónoma Chapingo _cTD |
||
| 999 |
_c220779 _d220779 |
||